[Event "WALTON BAN-chT 2019"]
[Site "Bangladesh"]
[Date "2019.12.17"]
[Round "11.11"]
[White "Yasin, Arafat"]
[Black "Anata, Choudhury"]
[Result "0-1"]
[WhiteElo "1879"]
[BlackElo "2137"]
[Annotator "ChessBase"]
[PlyCount "166"]
[EventDate "2019.12.07"]
[EventType "team-tourn"]
[EventCountry "BAN"]
[SourceTitle "playchess.com"]
[Source "ChessBase"]
[SourceQuality "1"]
[TimeControl "5400+30"]

1. d4 {[%emt 1:30:30]} Nf6 2. Nf3 {[%emt 0:00:30]} g6 3. e3 Bg7 {[%emt 1:31:30]} 4. Bd3 c5 {[%emt 0:00:30]} 5. c3 {[%emt 0:01:30]} b6 {[%emt 0:00:30]} 6. O-O {[%emt 0:00:30]} O-O {[%emt 0:00:30]} 7. Nbd2 {[%emt 0:00:30]} Bb7 {[%emt 0:00:30]} 8. Qe2 {[%emt 0:00:30]} d5 {[%emt 0:00:30]} 9. dxc5 {[%emt 0:00:30]} bxc5 {[%emt 0:00:30]} 10. e4 {[%emt 0:00:30]} dxe4 {[%emt 0:00:30]} 11. Nxe4 {[%emt 0:00:30]} Nbd7 {[%emt 0:00:30]} 12. Bg5 {[%emt 0:00:30]} Qc7 {[%emt 0:00:30]} 13. Rfe1 {[%emt 0:00:30]} Nb6 {[%emt 0:00:30]} 14. Rad1 {[%emt 0:00:30]} Rad8 {[%emt 0:00:30]} 15. Bc2 {[%emt 0:00:30]} Rd5 {[%emt 0:00:30]} 16. Rxd5 {[%emt 0:00:30]} Bxd5 {[%emt 0:00:30]} 17. Bxf6 {[%emt 0:00:30]} exf6 {[%emt 0:00:30]} 18. Qb5 {[%emt 0:00:30]} Rc8 {[%emt 0:00:30]} 19. Bb3 {[%emt 0:00:30]} c4 {[%emt 0:00:30]} 20. Bc2 {[%emt 0:00:30]} f5 {[%emt 0:00:30]} 21. Ng3 {[%emt 0:00:30]} Bc6 {[%emt 0:00:30]} 22. Qa5 {[%emt 0:00:30]} Qb7 {[%emt 0:00:30]} 23. Nh4 {[%emt 0:00:30]} Nd5 {[%emt 0:00:30]} 24. Rb1 {[%emt 0:00:30]} Bf6 {[%emt 0:00:30]} 25. Nhxf5 {[%emt 0:00:30]} gxf5 {[%emt 0:00:30]} 26. Nxf5 {[%emt 0:00:30]} Qb6 {[%emt 0:00:30]} 27. Qa3 {[%emt 0:00:30]} Bd7 {[%emt 0:00:30]} 28. Re1 {[%emt 0:00:30]} Be6 {[%emt 0:00:30]} 29. Nd6 {[%emt 0:00:30]} Rc5 {[%emt 0:00:30]} 30. Ne4 {[%emt 0:00:30]} Be7 {[%emt 0:00:30]} 31. Qa4 {[%emt 0:00:30]} Rc8 {[%emt 0:00:30]} 32. b4 {[%emt 0:00:30]} Bf6 {[%emt 0:00:30]} 33. Nxf6+ {[%emt 0:00:30]} Nxf6 {[%emt 0:00:30]} 34. Qa3 {[%emt 0:00:30]} Ng4 {[%emt 0:00:30]} 35. Re2 {[%emt 0:00:30]} Qd6 {[%emt 0:00:30]} 36. g3 {[%emt 0:00:30]} Bd5 {[%emt 0:00:30]} 37. Qc1 {[%emt 0:00:30]} Qh6 {[%emt 0:00:30]} 38. Qxh6 {[%emt 0:00:30]} Nxh6 {[%emt 0:00:30]} 39. f4 {[%emt 0:00:30]} Ng4 {[%emt 0:00:30]} 40. Bf5 {[%emt 0:00:30]} Be6 {[%emt 0:00:30]} 41. Rxe6 {[%emt 0:00:30]} Rd8 {[%emt 0:00:30]} 42. Re2 {[%emt 0:00:30]} Rd1+ {[%emt 0:00:30]} 43. Kg2 {[%emt 0:00:30]} Nf6 {[%emt 0:00:30]} 44. Be4 {[%emt 0:00:30]} Ra1 {[%emt 0:00:30]} 45. Kf3 {[%emt 0:00:30]} h5 {[%emt 0:00:30]} 46. Ke3 {[%emt 0:00:30]} Rd1 {[%emt 0:00:30]} 47. h3 {[%emt 0:00:30]} Rg1 {[%emt 0:00:30]} 48. Kd4 {[%emt 0:00:30]} Rxg3 {[%emt 0:00:30]} 49. Re3 {[%emt 0:00:30]} Nxe4 {[%emt 0:00:30]} 50. Kxe4 {[%emt 0:00:30]} Rg2 {[%emt 0:00:30]} 51. Kd4 {[%emt 0:00:30]} Rxa2 {[%emt 0:00:30]} 52. Rf3 {[%emt 0:00:30]} Kg7 {[%emt 0:00:30]} 53. Kxc4 {[%emt 0:00:30]} Kf6 {[%emt 0:00:30]} 54. Kc5 {[%emt 0:00:30]} Kf5 {[%emt 0:00:30]} 55. c4 {[%emt 0:00:30]} Ke4 {[%emt 0:00:30]} 56. Rc3 {[%emt 0:00:30]} f5 {[%emt 0:00:30]} 57. b5 {[%emt 0:00:30]} Kxf4 {[%emt 0:00:30]} 58. Kc6 {[%emt 0:00:30]} Ke4 {[%emt 0:00:30]} 59. c5 {[%emt 0:00:30]} f4 {[%emt 0:00:30]} 60. Kc7 {[%emt 0:00:30]} f3 {[%emt 0:00:30]} 61. c6 {[%emt 0:00:30]} f2 {[%emt 0:00:30]} 62. Rc1 {[%emt 0:00:30]} Rb2 {[%emt 0:00:30]} 63. Kb7 {[%emt 0:00:30]} Rxb5+ {[%emt 0:00:30]} 64. Kxa7 {[%emt 0:00:30]} Re5 {[%emt 0:00:30]} 65. c7 {[%emt 0:00:30]} Re8 {[%emt 0:00:30]} 66. Kb7 {[%emt 0:00:30]} h4 {[%emt 0:00:30]} 67. Rd1 {[%emt 0:00:30]} Kf3 {[%emt 0:00:30]} 68. Rd8 {[%emt 0:00:30]} f1=Q {[%emt 0:00:30]} 69. c8=Q {[%emt 0:00:30]} Qb5+ {[%emt 0:00:30]} 70. Ka7 {[%emt 0:00:30]} Qa5+ {[%emt 0:00:30]} 71. Kb7 {[%emt 0:00:30]} Rxd8 {[%emt 0:00:30]} 72. Qg4+ {[%emt 0:00:30]} Ke3 {[%emt 0:00:30]} 73. Qg1+ {[%emt 0:00:30]} Kd2 {[%emt 0:00:30]} 74. Qf2+ {[%emt 0:00:30]} Kc1 {[%emt 0:00:30]} 75. Qg1+ {[%emt 0:00:30]} Kb2 {[%emt 0:00:30]} 76. Qg2+ {[%emt 0:00:30]} Rd2 {[%emt 0:00:30]} 77. Qc6 {[%emt 0:00:30]} Qb4+ {[%emt 0:00:30]} 78. Ka7 {[%emt 0:00:30]} Qa3+ {[%emt 0:00:30]} 79. Kb7 {[%emt 0:00:30]} Ka1 {[%emt 0:00:30]} 80. Qh1+ {[%emt 0:00:30]} Ka2 {[%emt 0:00:30]} 81. Qe4 {[%emt 0:00:30]} Qb3+ {[%emt 0:00:30]} 82. Ka7 {[%emt 0:00:30]} Rd7+ {[%emt 0:00:30]} 83. Ka6 {[%emt 0:00:30]} Qd3+ {[%emt 0:00:30]} 0-1

[Event "WALTON BAN-chT 2019"]
[Site "Bangladesh"]
[Date "2019.12.17"]
[Round "11.12"]
[White "Khusenkhojaev, Muhammad"]
[Black "Shawket Bin, Osman Shaon"]
[Result "1-0"]
[WhiteElo "2427"]
[BlackElo "2006"]
[Annotator "ChessBase"]
[PlyCount "135"]
[EventDate "2019.12.07"]
[EventType "team-tourn"]
[EventCountry "BAN"]
[SourceTitle "playchess.com"]
[Source "ChessBase"]
[SourceQuality "1"]
[TimeControl "5400+30"]

1. Nf3 {[%emt 1:30:30]} Nf6 {[%emt 1:30:30]} 2. c4 {[%emt 0:00:30]} e6 {[%emt 0:00:30]} 3. g3 {[%emt 0:00:30]} b6 {[%emt 0:00:30]} 4. Bg2 {[%emt 0:00:30]} Bb7 {[%emt 0:00:30]} 5. O-O {[%emt 0:00:30]} Be7 {[%emt 0:00:30]} 6. Nc3 {[%emt 0:00:30]} O-O {[%emt 0:00:30]} 7. Re1 {[%emt 0:00:30]} d5 {[%emt 0:00:30]} 8. cxd5 {[%emt 0:00:30]} exd5 {[%emt 0:00:30]} 9. d4 {[%emt 0:00:30]} c5 {[%emt 0:00:30]} 10. Bf4 {[%emt 0:00:30]} Nc6 {[%emt 0:00:30]} 11. dxc5 {[%emt 0:00:30]} bxc5 {[%emt 0:00:30]} 12. Ne5 {[%emt 0:00:30]} Bd6 {[%emt 0:00:30]} 13. Nxc6 {[%emt 0:00:30]} Bxc6 {[%emt 0:00:30]} 14. Bg5 {[%emt 0:00:30]} Be5 {[%emt 0:00:30]} 15. Rc1 {[%emt 0:00:30]} Rc8 {[%emt 0:00:30]} 16. b3 {[%emt 0:00:30]} d4 {[%emt 0:00:30]} 17. Ne4 {[%emt 0:00:30]} Bxe4 {[%emt 0:00:30]} 18. Bxe4 {[%emt 0:00:30]} h6 {[%emt 0:00:30]} 19. Bxf6 {[%emt 0:00:30]} Bxf6 {[%emt 0:00:30]} 20. Rc4 {[%emt 0:00:30]} Re8 {[%emt 0:00:30]} 21. Qc2 {[%emt 0:00:30]} Qe7 {[%emt 0:00:30]} 22. Bf5 {[%emt 0:00:30]} Rc7 {[%emt 0:00:30]} 23. b4 {[%emt 0:00:30]} g6 {[%emt 0:00:30]} 24. Bd3 {[%emt 0:00:30]} Rec8 {[%emt 0:00:30]} 25. Rc1 {[%emt 0:00:30]} Bg5 {[%emt 0:00:30]} 26. f4 {[%emt 0:00:30]} Qe3+ {[%emt 0:00:30]} 27. Kg2 {[%emt 0:00:30]} Be7 {[%emt 0:00:30]} 28. Rf1 {[%emt 0:00:30]} f5 {[%emt 0:00:30]} 29. bxc5 {[%emt 0:00:30]} Bxc5 {[%emt 0:00:30]} 30. Rb1 {[%emt 0:00:30]} Qe7 {[%emt 0:00:30]} 31. Rb5 {[%emt 0:00:30]} Qd6 {[%emt 0:00:30]} 32. Qb1 {[%emt 0:00:30]} Kg7 {[%emt 0:00:30]} 33. h4 {[%emt 0:00:30]} h5 {[%emt 0:00:30]} 34. Kf2 {[%emt 0:00:30]} Qe7 {[%emt 0:00:30]} 35. a4 {[%emt 0:00:30]} Bd6 {[%emt 0:00:30]} 36. Rxc7 {[%emt 0:00:30]} Rxc7 {[%emt 0:00:30]} 37. Kg2 {[%emt 0:00:30]} Qe3 {[%emt 0:00:30]} 38. Rb7 {[%emt 0:00:30]} Qe7 {[%emt 0:00:30]} 39. Rxc7 {[%emt 0:00:30]} Qxc7 {[%emt 0:00:30]} 40. Qb5 {[%emt 0:00:30]} Bc5 {[%emt 0:00:30]} 41. Qe8 {[%emt 0:00:30]} Qe7 {[%emt 0:00:30]} 42. Qc8 {[%emt 0:00:30]} Qf8 {[%emt 0:00:30]} 43. Qb7+ {[%emt 0:00:30]} Qe7 {[%emt 0:00:30]} 44. Qa8 {[%emt 0:00:30]} Qf8 {[%emt 0:00:30]} 45. Qf3 {[%emt 0:00:30]} Qe7 {[%emt 0:00:30]} 46. a5 {[%emt 0:00:30]} Qc7 {[%emt 0:00:30]} 47. a6 {[%emt 0:00:30]} Bb6 {[%emt 0:00:30]} 48. Qd5 {[%emt 0:00:30]} Qd8 {[%emt 0:00:30]} 49. Qe6 {[%emt 0:00:30]} Qf6 {[%emt 0:00:30]} 50. Qd7+ {[%emt 0:00:30]} Qf7 {[%emt 0:00:30]} 51. Qb5 {[%emt 0:00:30]} Qe7 {[%emt 0:00:30]} 52. Qd5 {[%emt 0:00:30]} Qf7 {[%emt 0:00:30]} 53. Qb7 {[%emt 0:00:30]} Qxb7+ {[%emt 0:00:30]} 54. axb7 {[%emt 0:00:30]} Bc7 {[%emt 0:00:30]} 55. Ba6 {[%emt 0:00:30]} Kf6 {[%emt 0:00:30]} 56. Kf2 {[%emt 0:00:30]} Ke6 {[%emt 0:00:30]} 57. Bb5 {[%emt 0:00:30]} a5 {[%emt 0:00:30]} 58. Be8 {[%emt 0:00:30]} Kf6 {[%emt 0:00:30]} 59. Ke1 {[%emt 0:00:30]} Bb8 {[%emt 0:00:30]} 60. Kd2 {[%emt 0:00:30]} Kg7 {[%emt 0:00:30]} 61. Kd3 {[%emt 0:00:30]} Ba7 {[%emt 0:00:30]} 62. Kc4 {[%emt 0:00:30]} g5 {[%emt 0:00:30]} 63. hxg5 {[%emt 0:00:30]} h4 {[%emt 0:00:30]} 64. gxh4 {[%emt 0:00:30]} Bb8 {[%emt 0:00:30]} 65. Kxd4 {[%emt 0:00:30]} Bxf4 {[%emt 0:00:30]} 66. h5 {[%emt 0:00:30]} Bc7 {[%emt 0:00:30]} 67. h6+ {[%emt 0:00:30]} Kf8 {[%emt 0:00:30]} 68. g6 {[%emt 0:00:30]} 1-0

[Event "WALTON BAN-chT 2019"]
[Site "Bangladesh"]
[Date "2019.12.17"]
[Round "11.12"]
[White "Yasin, Arafat"]
[Black "Anata, Choudhury"]
[Result "*"]
[WhiteElo "1879"]
[BlackElo "2137"]
[Annotator "ChessBase"]
[PlyCount "126"]
[EventDate "2019.12.07"]
[EventType "team-tourn"]
[EventCountry "BAN"]
[SourceTitle "playchess.com"]
[Source "ChessBase"]
[SourceQuality "1"]
[TimeControl "5400+30"]

1. Nf3 {[%emt 1:30:30]} Nf6 {[%emt 1:30:30]} 2. c4 {[%emt 0:00:30]} e6 {[%emt 0:00:30]} 3. g3 {[%emt 0:00:30]} b6 {[%emt 0:00:30]} 4. Bg2 {[%emt 0:00:30]} Bb7 {[%emt 0:00:30]} 5. O-O {[%emt 0:00:30]} Be7 {[%emt 0:00:30]} 6. Nc3 {[%emt 0:00:30]} O-O {[%emt 0:00:30]} 7. Re1 {[%emt 0:00:30]} d5 {[%emt 0:00:30]} 8. cxd5 {[%emt 0:00:30]} exd5 {[%emt 0:00:30]} 9. d4 {[%emt 0:00:30]} c5 {[%emt 0:00:30]} 10. Bf4 {[%emt 0:00:30]} Nc6 {[%emt 0:00:30]} 11. dxc5 {[%emt 0:00:30]} bxc5 {[%emt 0:00:30]} 12. Ne5 {[%emt 0:00:30]} Bd6 {[%emt 0:00:30]} 13. Nxc6 {[%emt 0:00:30]} Bxc6 {[%emt 0:00:30]} 14. Bg5 {[%emt 0:00:30]} Be5 {[%emt 0:00:30]} 15. Rc1 {[%emt 0:00:30]} Rc8 {[%emt 0:00:30]} 16. b3 {[%emt 0:00:30]} d4 {[%emt 0:00:30]} 17. Ne4 {[%emt 0:00:30]} Bxe4 {[%emt 0:00:30]} 18. Bxe4 {[%emt 0:00:30]} h6 {[%emt 0:00:30]} 19. Bxf6 {[%emt 0:00:30]} Bxf6 {[%emt 0:00:30]} 20. Rc4 {[%emt 0:00:30]} Re8 {[%emt 0:00:30]} 21. Qc2 {[%emt 0:00:30]} Qe7 {[%emt 0:00:30]} 22. Bf5 {[%emt 0:00:30]} Rc7 {[%emt 0:00:30]} 23. b4 {[%emt 0:00:30]} g6 {[%emt 0:00:30]} 24. Bd3 {[%emt 0:00:30]} Rec8 {[%emt 0:00:30]} 25. Rc1 {[%emt 0:00:30]} Bg5 {[%emt 0:00:30]} 26. f4 {[%emt 0:00:30]} Qe3+ {[%emt 0:00:30]} 27. Kg2 {[%emt 0:00:30]} Be7 {[%emt 0:00:30]} 28. Rf1 {[%emt 0:00:30]} f5 {[%emt 0:00:30]} 29. bxc5 {[%emt 0:00:30]} Bxc5 {[%emt 0:00:30]} 30. Rb1 {[%emt 0:00:30]} Qe7 {[%emt 0:00:30]} 31. Rb5 {[%emt 0:00:30]} Qd6 {[%emt 0:00:30]} 32. Qb1 {[%emt 0:00:30]} Kg7 {[%emt 0:00:30]} 33. h4 {[%emt 0:00:30]} h5 {[%emt 0:00:30]} 34. Kf2 {[%emt 0:00:30]} Qe7 {[%emt 0:00:30]} 35. a4 {[%emt 0:00:30]} Bd6 {[%emt 0:00:30]} 36. Rxc7 {[%emt 0:00:30]} Rxc7 {[%emt 0:00:30]} 37. Kg2 {[%emt 0:00:30]} Qe3 {[%emt 0:00:30]} 38. Rb7 {[%emt 0:00:30]} Qe7 {[%emt 0:00:30]} 39. Rxc7 {[%emt 0:00:30]} Qxc7 {[%emt 0:00:30]} 40. Qb5 {[%emt 0:00:30]} Bc5 {[%emt 0:00:30]} 41. Qe8 {[%emt 0:00:30]} Qe7 {[%emt 0:00:30]} 42. Qc8 {[%emt 0:00:30]} Qf8 {[%emt 0:00:30]} 43. Qb7+ {[%emt 0:00:30]} Qe7 {[%emt 0:00:30]} 44. Qa8 {[%emt 0:00:30]} Qf8 {[%emt 0:00:30]} 45. Qf3 {[%emt 0:00:30]} Qe7 {[%emt 0:00:30]} 46. a5 {[%emt 0:00:30]} Qc7 {[%emt 0:00:30]} 47. a6 {[%emt 0:00:30]} Bb6 {[%emt 0:00:30]} 48. Qd5 {[%emt 0:00:30]} Qd8 {[%emt 0:00:30]} 49. Qe6 {[%emt 0:00:30]} Qf6 {[%emt 0:00:30]} 50. Qd7+ {[%emt 0:00:30]} Qf7 {[%emt 0:00:30]} 51. Qb5 {[%emt 0:00:30]} Qe7 {[%emt 0:00:30]} 52. Qd5 {[%emt 0:00:30]} Qf7 {[%emt 0:00:30]} 53. Qb7 {[%emt 0:00:30]} Qxb7+ {[%emt 0:00:30]} 54. axb7 {[%emt 0:00:30]} Bc7 {[%emt 0:00:30]} 55. Ba6 {[%emt 0:00:30]} Kf6 {[%emt 0:00:30]} 56. Kf2 {[%emt 0:00:30]} Ke6 {[%emt 0:00:30]} 57. Bb5 {[%emt 0:00:30]} a5 {[%emt 0:00:30]} 58. Be8 {[%emt 0:00:30]} Kf6 {[%emt 0:00:30]} 59. Ke1 {[%emt 0:00:30]} Bb8 {[%emt 0:00:30]} 60. Kd2 {[%emt 0:00:30]} Kg7 {[%emt 0:00:30]} 61. Kd3 {[%emt 0:00:30]} Ba7 {[%emt 0:00:30]} 62. Kc4 {[%emt 0:00:30]} g5 {[%emt 0:00:30]} 63. hxg5 {[%emt 0:00:30]} h4 {[%emt 0:00:30]} *